|
|
|
|
| LEADER |
01996nam a2200493 a 4500 |
| 001 |
nkc20122344158 |
| 003 |
CZ PrNK |
| 005 |
20170124235015.0 |
| 007 |
ta |
| 008 |
120222s2012 xr abe f 001 0 cze |
| 015 |
|
|
|a cnb002344158
|
| 020 |
|
|
|a 978-80-7422-140-8
|q (váz.) :
|c Kč 489,00
|
| 035 |
|
|
|a (OCoLC)794208032
|
| 040 |
|
|
|a OLA001
|b cze
|d BOA001
|
| 043 |
|
|
|a e-xr---
|
| 045 |
|
|
|a q-q-
|
| 072 |
|
7 |
|a 94(437)
|x Dějiny Česka a Slovenska
|2 Konspekt
|9 8
|
| 080 |
|
|
|a 94(437.3)"12"
|2 MRF
|
| 080 |
|
|
|a 316.72/.75
|2 MRF
|
| 080 |
|
|
|a (048.8)
|2 MRF
|
| 100 |
1 |
|
|a Klápště, Jan,
|d 1949-
|7 jk01060287
|4 aut
|
| 245 |
1 |
0 |
|a Proměna českých zemí ve středověku /
|c Jan Klápště
|
| 250 |
|
|
|a 2., rozš. vyd.
|
| 260 |
|
|
|a Praha :
|b NLN, Nakladatelství Lidové noviny,
|c 2012
|
| 300 |
|
|
|a 616 s. :
|b il., mapy, plány ;
|c 21 cm
|
| 490 |
1 |
|
|a Česká historie ;
|v sv. 15
|
| 504 |
|
|
|a Obsahuje bibliografii, bibliografické odkazy a rejstřík
|
| 648 |
|
7 |
|a 13. století
|7 ch460551
|2 czenas
|
| 650 |
0 |
7 |
|a kultura a společnost
|7 ph122010
|z Česko
|y 13. století
|2 czenas
|
| 650 |
0 |
9 |
|a culture and society
|z Czechia
|y 13th century
|2 eczenas
|
| 651 |
|
7 |
|a Česko
|7 ge128065
|x dějiny
|y 13. století
|2 czenas
|
| 651 |
|
9 |
|a Czechia
|x history
|y 13th century
|2 eczenas
|
| 655 |
|
7 |
|a monografie
|7 fd132842
|2 czenas
|
| 655 |
|
9 |
|a monographs
|2 eczenas
|
| 830 |
|
0 |
|a Česká historie
|0 s
|
| 856 |
4 |
1 |
|u http://www.digitalniknihovna.cz/mzk/uuid/uuid:667c65f0-d8ce-11e6-8a71-005056827e52
|y Digitalizovaný dokument
|x NDK
|
| 910 |
2 |
|
|a BOA001
|b 2-1283.387
|
| 928 |
9 |
|
|a Nakladatelství Lidové noviny
|
| 990 |
|
|
|a BK
|
| 995 |
|
|
|a 01
|
| 991 |
|
|
|b 201204
|c NOV
|e n
|
| 996 |
6 |
|
|b 2610506504
|c 2-1283.387
|l MZK
|r Sklad / do 1 hodiny
|n 29
|p p.v.
|w 001236871
|u 000010
|a 1
|e BOA001
|j MZK50
|s P
|
| 996 |
6 |
|
|b 2610508368
|c 2-1283.387
|l MZK
|r HSS 5p
|n 0
|p kup
|h 94(437) KLÁ
|w 001236871
|u 000020
|a 0
|e BOA001
|j MZK50
|s P
|
| 996 |
7 |
|
|b 2610508369
|c 2-1283.387
|l Vol.výběr
|r VV 1p
|n 66
|p kup
|h 94(437) KLÁ
|w 001236871
|u 000030
|a 0
|e BOA001
|j MZK50
|s A
|